00400nam a2200133Ia 4500008004100000020001500041041001200056082001100068100001600079245011500095260003300210300000800243650001500251221030s9999 xx 000 0 und d a8178090163 aEnglish a105.23 aS. Silbiger 4aThe 10 - Day MBA - A Step-by-Step Guide to Mastering the Skills Taught in Top Business Schoolscby S. Silbiger bMagna Pub. Co.aMumbaic1999 a361 aManagement